Регионална библиотека "Любен Каравелов" - Русе

ЦРУ срещу червения оркестър (Запис номер 102648)

MARC детайли
000 -Лидер
Контролно поле с фиксирана дължина 01803nam a2200409 c 4500
003 - Код на организацията, давaща контролен номер
Контролно поле BLK
005 - Дата и час на последна редакция
Контролно поле 20230116114725.0
008 - Елементи от данни с фиксирана дължина
fixed length control field 180409b bul|||||r ||||||| ||bul||
010 ## - Наследен системен номер
LC control number KNG00107717000
020 ## - Международен стандартен номер на книга ISBN
Международен стандартен номер на книга ISBN 954-528-391-2
-- издат.: Труд
040 ## - Източник на каталожния запис
Идентификатор на билиотеката - собственик на записа BLK
041 ## - Код за език
Код за езика на текст/звукозапис или на отделно заглавие Български
Код за езика КДБФ Български
080 ## - УДК
Текстов определител УДК Шпионаж. Политическо влияние чрез тайни (разузнавателни) служби
УДК код - определител по УДК 327.84
УДК определител (73)
УДК - код + определител 327.84(73)
080 ## - УДК
Текстов определител УДК Студена война
УДК код - определител по УДК 327.54
УДК определител
УДК - код + определител 327.54
080 ## - УДК
Текстов определител УДК Цивилизация. Култура. Прогрес. История на културата вж 930.85
УДК код - определител по УДК 008
УДК определител (100)(091)
УДК - код + определител 008(100)(091)
100 1# - Редна дума - Автор
Автор Сондърс, Франсис
Авторска отговорност първи автор
R(LIN) 309293
139 ## - Редно поле
Редна дума Сондърс, Франсис
Авторски знак Сол - С 51
245 10 - Сведения за заглавието
Заглавие ЦРУ срещу червения оркестър
Редно поле (дума) Франсис Сондърс; прев. от англ. Милена Попова.
257 ## - Страна на издаване
Страна на създаване/издаване Съединени американски щати
260 ## - Област на издателските данни
-- София
Име на издателя, разпространителя и проч. Труд
Година на издаване 2003
Печатница София : Инвестпрес АД
300 ## - Физическа характеристика
Страници 400 с.
Размери/Мащаб 21 см
380 ## - Жанр
Жанр Обществени науки
490 1# - СЕРИИ (Колекции)
Име на серия Поредица Строго секретно
500 ## - Общи забележки
Забележка Ориг. загл. Who Paid the Piper The CIA and thebCultural Cold War / Frances Stonor Saunder. - Офс. изд. - Библиогр. под линия
650 #4 - Допълнително описание по предмет – тема
Основно описание – тема или топоним Студена война
9 (RLIN) 278784
650 #4 - Допълнително описание по предмет – тема
Основно описание – тема или топоним Шпионаж и диверсия - САЩ - история
9 (RLIN) 302160
650 #4 - Допълнително описание по предмет – тема
Основно описание – тема или топоним Култура - история
9 (RLIN) 248181
653 ## - Ключова дума – ненормативна
Ключова дума ЦРУ
653 ## - Ключова дума – ненормативна
Ключова дума шпионаж
653 ## - Ключова дума – ненормативна
Ключова дума САЩ
700 1# - Други автори (авторска отговорност)
Лично име Попова, Милена
Автороска отговорност (Описва отношението между автора и произведението) прев. от англ.
9 (RLIN) 366614
852 ## - Местоположение
Форматна сигнатура Цб 215915
856 4# - Електронен адрес и достъп
Електронен формат pdf - файл
Път до файла /url/
856 4# - Електронен адрес и достъп
Електронен формат pdf - файл
Път до файла /url/
942 ## - АРТИКУЛИ
Вид на библиотечния материал Книги
Скрит в OPAC Не
Koha issues (borrowed), all copies 4
944 ## - СЪЗДАВАНЕ И РЕДАКЦИЯ на ЗАПИСА
Създаване/Редакция Създаване
Дата на регистрацията/редакция 15.01.2003
Служител, извършил регистрацията/редакцията Геновева_Генчева
944 ## - СЪЗДАВАНЕ И РЕДАКЦИЯ на ЗАПИСА
Създаване/Редакция Редакция
Дата на регистрацията/редакция 30.08.2004
Служител, извършил регистрацията/редакцията
999 ## - СИСТЕМНИ КОНТРОЛНИ НОМЕРА
Koha biblionumber 102648
Koha biblioitemnumber 102648
Наличности
Код за отписване Код за изгубен артикул Код за повреда Коз за рестрикции Код за отдаване Артикулен № Име на библиотеката - собственик Име на библиотеката, в която се намира в момента Статус (Текущо местоположение) Дата на вписване в системата Местоположение - отдел Цена в лева Инвентарен номер Систематично азбучна сигнатура Баркод Номер на екземпляра Цена в евро Служебна бележка Служебен тип на артикула
  Не е изгубен Не е повреден без рестрикции заемане за дома 165708 Регионална библиотека "Любен Каравелов" Русе Регионална библиотека "Любен Каравелов" Русе Заемна - подръчен фонд 2003-08-19 Заемна - подръчен фонд 9.90 120000678442 П 327.84/ С 51 120000678442 1 5.06 Дост: Pk Вид: Ф N: 16427 Дата: 14.08.2003 Дата инв: 05.02.2018 Бележки инв: П2018 Книги
  Не е изгубен Не е повреден без рестрикции заемане за дома 165709 Регионална библиотека "Любен Каравелов" Русе Регионална библиотека "Любен Каравелов" Русе Заемна - подръчен фонд 2003-10-16 Заемна - подръчен фонд 9.90 120000679147 П 327.84/ С 51 120000679147 2 5.06 Дост: Pk Вид: Ф N: 31 Дата: 16.10.2003 Дата инв: 05.02.2018 Бележки инв: П2018 Книги
  Не е изгубен Не е повреден без рестрикции ползва се в читалня 165710 Регионална библиотека "Любен Каравелов" Русе Регионална библиотека "Любен Каравелов" Русе Хранилище 2004-08-09 Хранилище 9.90 120000687465 Цб 215915 120000687465 3 5.06 Дост: Dp Вид: Д N: 42 Дата: 08.10.2003 Книги
Vip Innovations Ltd, Rousse, Bulgaria 2025